El caza estrellas : (Registro nro. 14835)

Detalles MARC
000 -LIDER
fixed length control field 00834nam a22002537a 4500
003 - IDENTIFICACDOR DE NÚMERO DE CONTROL
control field
005 - DATE AND TIME OF LATEST TRANSACTION
control field 20241018134044.0
008 - ELEMENTOS DE LONGITUD FIJA
fixed length control field 210915b 2024 dr | 00| 0 spa d
020 ## - ISBN
International Standard Book Number 9789945801972
040 ## - FUENTE DE CATALOGACIÓN
Agencia que crea de manera original el registro BPMSU
Idioma de catalogación Spa.
Agencia que realiza la transcripción BPMSU
082 #4 - NÚMERO DE CLASIFICACIÓN DECIMAL DE DEWEY
Classification number RD863.5
Item number F475c 2024
Edition number 22
100 1# - ASIENTO PRINCIPAL -- NOMBRE PERSONAL
Nombre personal Figueroa, Dania Victoria
Fechas asociadas con el nombre
245 13 - MENCIÓN DE TITULO
Título El caza estrellas :
Subtítulo cuando el cielo y la imaginación se encuentran /
Mención de responsabilidad Dania Victoria Figueroa
246 13 - VARIACION DEL TÍTULO
Título propiamente dicho o título corto El caza estrellas
260 ## - PUBLICACIÓN, DISTRIBUCIÓN, ETC. (PIE DE IMPRENTA)
Lugar de publicación, distribución, etc Santo Domingo :
Nombre del editor, distribuidor, etc. [Sin Editorial],
Fecha de publicación, distribución, etc 2024
300 ## - DESCRIPCIÓN FÍSICA
Extensión 24 p. ;
Dimensiones 21 cm.
500 ## - NOTA GENERAL
Nota general Incluye datos biográficos del autora en la contracubierta
500 ## - NOTA GENERAL
Nota general
590 ## - NOTA LOCAL
Texto de la nota local Inventariado, 2024/VM
Enlace
650 #4 - ENCABEZAMIENTO DE MATERIA--TEMÁTICO
Término temático o nombre geográfico como elemento de entrada Cuentos juveniles dominicanos
650 #4 - ENCABEZAMIENTO DE MATERIA--TEMÁTICO
Término temático o nombre geográfico como elemento de entrada Literatura juvenil dominicana
910 ## - VALIDACIÓN
Validación VMateo V. Control de calidad BPMSU
942 ## - ADDED ENTRY ELEMENTS (KOHA)
Source of classification or shelving scheme Dewey Decimal Classification
Koha item type Libros
Existencias
Withdrawn status Lost status Source of classification or shelving scheme Damaged status Not for loan Collection code Home library Current library Date acquired Total Checkouts Full call number Barcode Date last seen Price effective from Koha item type
    Dewey Decimal Classification     Colección Juvenil Dominicana Biblioteca Pública Metropolitana Salomé Ureña Biblioteca Pública Metropolitana Salomé Ureña 10/18/2024   BPMSU CJD RD863.5 F475c 2024 BPMSU24100033 10/18/2024 10/18/2024 Libros